Comentarios de las cosas de Aragón / (Record no. 152186)
[ view plain ]
| 000 -LEADER | |
|---|---|
| campo de control de longitud fija | 01107nam a2200253 i 4500 |
| 001 - NÚMERO DE CONTROL | |
| campo de control | 152186 |
| 003 - IDENTIFICADOR DE NÚMERO DE CONTROL | |
| campo de control | ES-MaACL |
| 005 - FECHA Y HORA DE LA ÚLTIMA TRANSACCIÓN | |
| campo de control | 20251122151500.0 |
| 008 - DATOS DE LONGITUD FIJA--INFORMACIÓN GENERAL | |
| campo de control de longitud fija | 931025s1878 sp f |||| | spa d |
| 080 ## - NÚMERO DE LA CLASIFICACIÓN DECIMAL UNIVERSAL | |
| Número de la Clasificación Decimal Universal | 946.022 |
| 100 1# - ENTRADA PRINCIPAL--NOMBRE DE PERSONA | |
| Nombre de persona | Blancas, Jerónimo de. |
| 9 (RLIN) | 126005 |
| 245 10 - MENCIÓN DEL TÍTULO | |
| Título | Comentarios de las cosas de Aragón / |
| Mención de responsabilidad, etc. | obra escrita en latin por Jerórimo de Blancas cronista del reino ; y traducida al castellano por el P. Manuel Hernandez de las Escuelas Pias. |
| 260 ## - PUBLICACIÓN, DISTRIBUCIÓN, ETC. | |
| Lugar de publicación, distribución, etc. | Zaragoza : |
| Nombre del editor, distribuidor, etc. | Diputación Provincial, |
| Fecha de publicación, distribución, etc. | 1878 ( |
| Fabricante | Imp. del Hospicio) |
| 300 ## - DESCRIPCIÓN FÍSICA | |
| Extensión | XII, 539 p. : |
| Otras características físicas | il. ; |
| Dimensiones | 31 cm. |
| 490 1# - MENCIÓN DE SERIE | |
| Mención de serie | Biblioteca de escritores aragoneses. Sección histórico-doctrinal ; |
| Designación de volumen o secuencia | 3 |
| 596 ## - NOTA AL PIE DE IMPRENTA | |
| NOTA AL PIE DE IMPRENTA | Consta en port.: impresa y publicada por la Diputación Provincial de Zaragoza. |
| 599 ## - NOTA A LAS ILUSTRACIONES | |
| NOTA A LAS ILUSTRACIONES | Las il. son esc. xil. |
| 651 #4 - PUNTO DE ACCESO ADICIONAL DE MATERIA--NOMBRE GEOGRÁFICO | |
| Nombre geográfico | Aragón (Reino)- |
| Subdivisión general | Historia. |
| 9 (RLIN) | 7791 |
| 700 1# - ENTRADA AGREGADA--NOMBRE PERSONAL | |
| Nombre de persona | Hernández, Manuel, |
| Títulos y otros términos asociados al nombre | (Sch. P.) |
| 9 (RLIN) | 144157 |
| 830 0# - PUNTO DE ACCESO ADICIONAL DE SERIE-TÍTULO UNIFORME | |
| Título uniforme | Biblioteca de escritores aragoneses. Sección histórico-doctrinal ; |
| Designación de volumen o secuencia | 3 |
| 9 (RLIN) | 187696 |
| 852 ## - LOCALIZACIÓN | |
| Ubicación | ES-MaACL |
| Número de control de estantería | L-6987 |
| Nota libre | -- Enc. hol. |
| Estatus retirado | Estado de pérdida | Estado de daño | No para préstamo | Colección | Biblioteca de origen | Biblioteca actual | Ubicación en estantería | Fecha de adquisición | Fuente de adquisición | Total de préstamos | Signatura topográfica completa | Código de barras | Visto por última vez | Precio de reemplazo | Tipo de ítem Koha |
|---|---|---|---|---|---|---|---|---|---|---|---|---|---|---|---|
| Libros del s. XIX | Biblioteca del Ateneo de Madrid | Biblioteca del Ateneo de Madrid | Depósito 2 | 17/01/2008 | L-6987 | 1158880 | 23/02/2023 | 23/02/2023 | Libro impreso antiguo |
